| 000 | 00373cam a2200145ua 4500 | ||
|---|---|---|---|
| 041 |
_aeng _h |
||
| 082 |
_a294.5921 _bABI/CA |
||
| 100 | _aAbinash, Chandrabose . | ||
| 245 |
_aCall of the vedas / _cChandrabose Abinash. _hTextual Documents |
||
| 260 |
_aMumbai : _bBharatiya Vidya Bhavan , _c1960. |
||
| 300 | _a314 ; . | ||
| 504 | _a | ||
| 942 | _cBK | ||
| 999 |
_c3714 _d3714 |
||